[Event "GER-ch48 sf02 email"]
[Site "GER email"]
[Date "2016.07.03"]
[Round "?"]
[White "Utesch, Wolfgang"]
[Black "Milde, Lars"]
[Result "1-0"]
[WhiteElo "2470"]
[BlackElo "2303"]
[PlyCount "159"]
[EventDate "2016.??.??"]
[EventType "tourn (corr)"]
[EventRounds "12"]
[EventCountry "GER"]
[SourceTitle "Corr 2017"]
[Source "ChessBase"]
[SourceDate "2017.09.19"]
[SourceVersion "1"]
[SourceVersionDate "2017.09.19"]
[SourceQuality "1"]

1. Nf3 Nf6 2. c4 g6 3. d4 Bg7 4. Nc3 d6 5. e4 0-0 6. Be2 e5 7. 0-0 Nc6 8. d5 Ne7 9. Ne1 Nd7 10. Be3 f5 11. f3 f4 12. Bf2 g5 13. Rc1 Ng6 14. c5 Nxc5 15. b4 Na6 16. Nd3 h5 17. Nb5 Bd7 18. a4 Bh6 19. Rc3 Rf7 20. Nxa7 Rg7 21. Kh1 Qb8 22. Nb5 Nh8 23. Na3 b6 24. Nb2 g4 25. Bb5 Qd8 26. Bxd7 Qxd7 27. b5 Nc5 28. Bxc5 bxc5 29. Nbc4 gxf3 30. Rcxf3 Qg4 31. Qc2 Rxa4 32. b6 cxb6 33. Rg1 Rb4 34. Nxd6 Rg5 35. Nf5 Rxf5 36. exf5 e4 37. Rb3 Rxb3 38. Qxb3 Qxf5 39. Qxb6 Nf7 40. Nb5 Bf8 41. Qe6 Qxe6 42. dxe6 Ng5 43. Nc7 e3 44. Nd5 Nxe6 45. g3 Kf7 46. gxf4 Bd6 47. Nxe3 Nxf4 48. Nc4 Bf8 49. Rf1 Bh6 50. Re1 Kf6 51. Re3 Ng6 52. Rd3 Bf8 53. Kg1 Be7 54. Rh3 Nf4 55. Rf3 Kf5 56. Re3 Kf6 57. Kf2 Bd8 58. Nd6 Ne6 59. Kg2 Ng5 60. Rd3 Ne6 61. Rf3+ Kg6 62. Re3 Kf6 63. Ne4+ Kf7 64. Ng3 Nf4+ 65. Kf3 Bc7 66. Ra3 Ne6 67. Ra7 Kg6 68. Ra6 Kf7 69. h3 Nd4+ 70. Kg2 c4 71. Ra4 h4 72. Ne4 Be5 73. Rxc4 Kg6 74. Nd2 Kf6 75. Kf2 Bg3+ 76. Ke3 Nf5+ 77. Kf3 Kg6 78. Ne4 Bh2 79. Rc6+ Kh5 80. Rc5 1-0

[Event "GER AM02-B email"]
[Site "GER email"]
[Date "2016.06.26"]
[Round "?"]
[White "Utesch, Wolfgang"]
[Black "Biedermann, Thomas"]
[Result "1/2-1/2"]
[WhiteElo "2461"]
[BlackElo "2420"]
[PlyCount "60"]
[EventDate "2016.??.??"]
[EventType "tourn (corr)"]
[EventRounds "14"]
[EventCountry "GER"]
[SourceTitle "Corr 2017"]
[Source "ChessBase"]
[SourceDate "2017.09.19"]
[SourceVersion "1"]
[SourceVersionDate "2017.09.19"]
[SourceQuality "1"]

1. c4 e5 2. g3 Nf6 3. Bg2 d5 4. cxd5 Nxd5 5. Nf3 Nc6 6. 0-0 Nb6 7. b3 Be7 8. Bb2 f6 9. d4 e4 10. Ne1 f5 11. f3 exf3 12. Nxf3 Nd5 13. Qd2 Be6 14. e3 Qd7 15. Nc3 0-0-0 16. Na4 Rhe8 17. Qe2 Kb8 18. Rac1 g5 19. Rxc6 Qxc6 20. Ne5 Qd6 21. Nc5 Bc8 22. Nf7 Qb6 23. Nxd8 Rxd8 24. e4 fxe4 25. Nxe4 Qe6 26. Rf2 Qg6 27. Nd2 Bb4 28. a3 Bc3 29. Nc4 Qb1+ 30. Rf1 Qa2 1/2-1/2

[Event "GER AM02-B email"]
[Site "GER email"]
[Date "2016.06.26"]
[Round "?"]
[White "Wilhelmi, Dirk"]
[Black "Utesch, Wolfgang"]
[Result "1/2-1/2"]
[WhiteElo "2432"]
[BlackElo "2461"]
[PlyCount "41"]
[EventDate "2016.??.??"]
[EventType "tourn (corr)"]
[EventRounds "14"]
[EventCountry "GER"]
[SourceTitle "Corr 2017"]
[Source "ChessBase"]
[SourceDate "2017.09.19"]
[SourceVersion "1"]
[SourceVersionDate "2017.09.19"]
[SourceQuality "1"]

1. e4 c5 2. Nc3 d6 3. Nge2 e5 4. Nd5 Ne7 5. Nec3 Nbc6 6. Bc4 Nxd5 7. Nxd5 Be6 8. d3 Be7 9. c3 0-0 10. a4 Bg5 11. Bxg5 Qxg5 12. 0-0 Qd8 13. g3 b6 14. Ne3 Qd7 15. Qe2 Qb7 16. f4 Bxc4 17. dxc4 exf4 18. gxf4 Ne7 19. Qg2 f5 20. exf5 Qc8 21. Rad1 1/2-1/2

[Event "GER MS-229 email"]
[Site "GER email"]
[Date "2015.11.01"]
[Round "?"]
[White "Krumm, Guenther"]
[Black "Utesch, Wolfgang"]
[Result "0-1"]
[WhiteElo "1988"]
[BlackElo "2190"]
[PlyCount "58"]
[EventDate "2015.11.09"]
[EventType "tourn (corr)"]
[EventRounds "6"]
[EventCountry "GER"]
[SourceTitle "Corr 2020"]
[Source "ChessBase"]
[SourceDate "2019.09.30"]
[SourceVersion "1"]
[SourceVersionDate "2019.09.30"]
[SourceQuality "1"]

1. d4 Nf6 2. c4 e6 3. Nf3 b6 4. g3 Ba6 5. Qa4 Bb7 6. Bg2 c5 7. dxc5 bxc5 8. 0-0 Be7 9. Nc3 0-0 10. Bf4 Qb6 11. Rfd1 Rd8 12. Rd2 Nc6 13. Rad1 Na5 14. Qb5 Qxb5 15. cxb5 Rac8 16. e4 Nc4 17. Rc2 Nb6 18. Ne2 Bxe4 19. Rcc1 Nfd5 20. b3 d6 21. Ne1 Nxf4 22. Nxf4 Bxg2 23. Kxg2 Bg5 24. a4 Kf8 25. Nf3 Bxf4 26. gxf4 g6 27. Nd2 Nd5 28. Kf3 a6 29. bxa6 Rb8 0-1

[Event "FICGS rapid M 000075 email"]
[Site "FICGS email"]
[Date "2014.11.07"]
[Round "1"]
[White "Burrows, Nick"]
[Black "Utesch, Wolfgang"]
[Result "1/2-1/2"]
[WhiteElo "2164"]
[BlackElo "2134"]
[PlyCount "75"]
[EventDate "2014.??.??"]
[EventType "tourn (rapid)"]
[EventRounds "6"]
[SourceTitle "Corr 2022"]
[Source "ChessBase"]
[SourceDate "2021.10.24"]
[SourceVersion "1"]
[SourceVersionDate "2021.10.24"]
[SourceQuality "1"]

1. d4 d5 2. c4 c6 3. Nf3 Nf6 4. Nc3 e6 5. e3 Nbd7 6. Qc2 Bd6 7. Bd3 dxc4 8. Bxc4 b5 9. Bd3 Bb7 10. 0-0 0-0 11. a3 Rc8 12. Rd1 a5 13. e4 e5 14. Be3 exd4 15. Nxd4 Qc7 16. h3 g6 17. Rac1 Qb8 18. Nf3 b4 19. Nb1 c5 20. Nbd2 Bf4 21. Bxf4 Qxf4 22. Nc4 bxa3 23. bxa3 Nxe4 24. Nxa5 Ba8 25. Nc4 Nef6 26. Nfd2 Rcd8 27. Bf1 Rfe8 28. a4 Nf8 29. Qc3 Nd5 30. Qg3 Qxg3 31. fxg3 Ne6 32. Nf3 Re7 33. a5 Ra7 34. Ra1 Rb8 35. a6 Kg7 36. Ra3 Nb4 37. Nce5 Nc2 38. Rc3 1/2-1/2

[Event "FICGS rapid M 000075 email"]
[Site "FICGS email"]
[Date "2014.11.07"]
[Round "1"]
[White "Teverovski, Bogoljub"]
[Black "Utesch, Wolfgang"]
[Result "1/2-1/2"]
[WhiteElo "2104"]
[BlackElo "2134"]
[PlyCount "56"]
[EventDate "2014.??.??"]
[EventType "tourn (rapid)"]
[EventRounds "6"]
[SourceTitle "Corr 2022"]
[Source "ChessBase"]
[SourceDate "2021.10.24"]
[SourceVersion "1"]
[SourceVersionDate "2021.10.24"]
[SourceQuality "1"]

1. d4 Nf6 2. c4 g6 3. Nf3 Bg7 4. g3 0-0 5. Bg2 d6 6. Nc3 Nc6 7. 0-0 a6 8. Qd3 e5 9. dxe5 dxe5 10. Qxd8 Rxd8 11. Bg5 Re8 12. Nd5 Nxd5 13. cxd5 Nb4 14. e4 f5 15. Ne1 f4 16. a3 Nxd5 17. exd5 h6 18. Nf3 Bg4 19. Nxe5 Be2 20. Rfe1 hxg5 21. Rxe2 Rxe5 22. Rc2 Re7 23. Bh3 Be5 24. Re1 Kg7 25. Kg2 Kf6 26. Rce2 a5 27. Bd7 Rd8 28. Be6 Bd6 1/2-1/2